Bordering States Forming Words - Statistics

General Stats
  • This quiz has been taken 33 times
  • The average score is 26 of 28
Answer Stats
Hint Answer % Correct
Arkansas
97%
FAT Florida
97%
Georgia
97%
Kentucky
97%
Ohio
97%
Ohio
97%
Oklahoma
97%
Tennessee
97%
Tennessee
97%
Texas
97%
Texas
97%
Utah
97%
AUNT Arizona
93%
Indiana/Illinois
93%
MOP Michigan
93%
MOKI Michigan
93%
New Mexico
93%
Pennsylvania
93%
WON Washington
93%
Alabama
90%
Alabama
90%
Alabama
90%
COT Colorado
90%
MAMA Missouri
90%
Nevada
90%
Mississippi
87%
Oregon
87%
STAG South Carolina
87%
No matching quizzes found
Score Distribution
Percent of People with Each Score
Percentile by Number Answered
Your Score History
You have not taken this quiz